| 000 | 00503nam a22001817a 4500 | ||
|---|---|---|---|
| 999 |
_c17980 _d17980 |
||
| 003 | AR-CdUCM | ||
| 008 | 190511b ||||| |||| 00| 0 spa d | ||
| 040 |
_aMUNICIPALIDAD PROVINCIAL DEL CUSCO _cBIBLIOTECA MUNICIPAL DEL CUSCO |
||
| 082 |
_a869.813 / _bS21 |
||
| 100 |
_aSanchez, Florencio _935593 |
||
| 245 | _aLa gringa / | ||
| 260 |
_aBuenos Aires : _bKapelusz, _c1959. |
||
| 300 |
_a104 páginas ; _c12 cm. |
||
| 505 | _aTeatro. | ||
| 650 |
_aTeatro. _9173 |
||
| 942 |
_2ddc _cLIBROS |
||
| 945 | _awfj | ||